[Event "HUN-ch Rapid 2020"]
[Site "Ajka"]
[Date "2020.07.17"]
[Round "3.10"]
[White "Pasztor, Ferenc"]
[Black "Czebe, Attila"]
[Result "0-1"]
[WhiteElo "2231"]
[BlackElo "2367"]
[Annotator "TA"]
[PlyCount "123"]
[EventDate "2020.07.17"]
[EventType "rapid"]
[EventCountry "HUN"]
[SourceTitle "playchess.com"]
[Source "ChessBase"]
[SourceQuality "1"]

{[%evp 9,123,48,101,16,42,20,20,20,13,12,28,33,29,32,41,35,52,29,42,14,104,116,200,94,170,179,158,189,185,168,231,185,289,222,325,314,341,335,347,350,377,369,446,247,285,-189,-165,-190,-184,-175,-177,-209,-216,-210,-212,-329,-309,-334,-327,-368,-358,-393,-391,-395,-346,-352,-347,-371,-368,-323,-322,-377,-362,-392,-385,-382,-369,-393,-340,-556,-550,-687,-678,-662,-632,-833,-833,-866,-866,-866,-844,-837,-706,-852,-841,-819,-796,-860,-846,-1489,-1164,-29957,-29958,-5945,-5941,-2173,-1816,-29960,-5945,-12812,-6739,-6717,-6049,-29995,-29996,-29998]} 1. d4 d6 2. Nf3 g6 3. e4 Nf6 4. Nc3 a6 5. Be2 b5 {[#]} (5... Bg7 $14) 6. Nd2 $146 {B08: Pirc Defence: Classical System.} ({White should play} 6. e5 $16 Nfd7 7. Ng5 dxe5 8. dxe5 Nxe5 9. Qxd8+ Kxd8 10. Be3) ({Predecessor:} 6. a3 Bb7 7. e5 dxe5 8. dxe5 Qxd1+ 9. Bxd1 Nd5 10. Nxd5 Bxd5 11. O-O Nd7 12. Re1 {1-0 (72) Quast,M (2146)-Bach,M (2303) Dortmund 2010}) 6... Bb7 7. f3 Bg7 8. Nb3 {The position is equal.} O-O 9. Be3 b4 10. Nb1 a5 11. a3 a4 12. N3d2 c5 13. dxc5 dxc5 14. Bxc5 Na6 (14... bxa3 $11 15. Bxa3 Qc7) 15. Be3 $16 (15. axb4 $6 Nxc5 16. bxc5 Nd7 $11) 15... Nd7 (15... Ne8 $16) 16. Nc4 (16. axb4 $18 {and White stays clearly on top.} Nxb4 17. c3) 16... Qc7 {[#]} (16... b3 $16) 17. axb4 $1 $18 Nxb4 18. c3 Nc6 19. O-O Nde5 (19... Nce5 $142) 20. Nbd2 {[%cal Bb1d2,Bd2e4,Be4g5][%mdl 32]} (20. Rxa4 $6 Rxa4 21. Qxa4 Ra8 $16) 20... f5 (20... Nxc4 {might work better.} 21. Nxc4 (21. Bxc4 a3 $14) 21... a3 22. Nxa3 Ba6 23. Bxa6 Rxa6) 21. Rxa4 fxe4 (21... Nxc4 $142 22. Nxc4 fxe4) 22. Nxe4 Nxc4 23. Bxc4+ ({Resist} 23. Rxc4 Kh8) 23... Kh8 24. Ng5 Rxa4 25. Qxa4 Qe5 26. Bc1 (26. Re1 $142) 26... Nd8 27. Qd1 $4 {[%mdl 8192]} (27. Rd1 $18 {and all is fine. Strongly threatening Rxd8!} Qc7 28. Be3) 27... Qc5+ $19 {[%mdl 64] Double Attack} 28. Kh1 {Threatens to win with Qd3.} Qxc4 29. Re1 Bf6 30. Ne4 {[#]} Bxe4 $1 31. Rxe4 Qc6 32. c4 (32. Bh6 {is a better defense.} Rg8 33. Bf4) 32... Nf7 33. Bf4 Rd8 ({Don't take} 33... Bxb2 34. Rxe7 Qxc4 35. Re4 $19) 34. Qc2 Nd6 35. Bxd6 Qxd6 ({Not} 35... exd6 36. b3 $19) 36. Re1 Qd2 37. Qxd2 Rxd2 {[%mdl 4096] Endgame KRB-KR} 38. b4 Rc2 39. Rb1 Rxc4 40. g3 Bd4 41. b5 Rc7 42. Kg2 Kg7 43. h4 Bb6 44. f4 $2 (44. Rb2) 44... Rc2+ 45. Kh3 h5 46. Rb3 Rc4 47. Rd3 Rb4 48. Rd5 Kf6 49. Re5 e6 50. Rg5 Bc7 51. Rc5 Bd6 52. Rc6 Ke7 53. Rb6 Bc5 54. Rb7+ Kf6 55. Kg2 Kf5 56. Rc7 Rxb5 57. Kf3 Rb3+ 58. Kg2 Rc3 (58... Rb2+ $142 59. Kf1 Bf2 60. Rh7 Bxg3 {[%mdl 64] Double Attack} 61. Rd7 Bxh4 62. Rf7+ Kg4 63. Rc7 Bg3 64. Rc4 Bxf4 65. Re4 h4 66. Re1 Bg3 67. Rd1 e5 68. Kg1 e4 69. Rf1 e3 70. Kh1 Kh3 71. Rd1 Rh2+ 72. Kg1 e2 73. Rf1 Rg2+ 74. Kh1 exf1=Q#) 59. Kh3 Rc2 60. Rf7+ Ke4 {( -> ...Bg1)} 61. Rf6 Kf3 62. Rxg6 {Accuracy: White = 47%, Black = 58%.} 0-1

[Event "HUN-ch Rapid 2020"]
[Site "Ajka"]
[Date "2020.07.17"]
[Round "3.11"]
[White "Mihok, Oliver"]
[Black "Krstulovic, Alex"]
[Result "1/2-1/2"]
[WhiteElo "2552"]
[BlackElo "2338"]
[Annotator "TA"]
[PlyCount "58"]
[EventDate "2020.07.17"]
[EventType "rapid"]
[EventCountry "HUN"]
[SourceTitle "playchess.com"]
[Source "ChessBase"]
[SourceQuality "1"]

{[%evp 15,58,52,52,50,71,66,91,63,123,111,122,123,120,125,131,33,81,64,69,62,60,24,18,28,95,22,19,24,17,17,17,15,51,0,0,-49,-47,-56,-57,-55,-55,-56,-53,-49,0]} 1. e4 d5 2. exd5 Nf6 3. d4 Nxd5 4. Nf3 g6 5. c4 Nb6 6. Nc3 Bg7 7. c5 Nd5 8. Bc4 c6 9. O-O {B01: Scandinavian Defence.} O-O 10. Re1 h6 11. Ne5 {[#] White is better.} Nd7 $146 (11... e6 $14) ({Predecessor:} 11... Be6 12. Bf1 Bf5 13. Qb3 b6 14. Nxd5 cxd5 15. Bf4 bxc5 16. dxc5 Nd7 17. Qxd5 Nxe5 18. Qxd8 {½-½ (71) Alekseev,E (2620)-Pashkov,A (2144) Sochi 2018}) 12. Nxd5 $16 {[#] Black must now prevent Nxf7!} cxd5 13. Bxd5 {Hoping for Nxg6.} Nxe5 14. dxe5 Qc7 15. Qc2 (15. e6 $16) 15... Bf5 16. Qc4 e6 17. Bf3 {[#] Threatens to win with g4.} Rfd8 18. Bf4 g5 19. Bg3 Rd2 (19... a5 $11) 20. Qb4 (20. b4 $16) 20... Rad8 $11 21. Rac1 R8d7 22. c6 bxc6 23. Rxc6 Qd8 24. h3 ({White should play} 24. Rd6 $1 $14 R7xd6 25. exd6 Rxb2 26. Qc4) 24... Bf8 25. Qa4 (25. Qb5 {is more complex.} Bd3 26. Qb3 Bg6 27. Rec1 h5 28. Rc8) 25... Rxb2 {Black is slightly better.} 26. Rec1 Rb4 27. Qa6 Bd3 28. Qc8 Qxc8 29. Rxc8 Be4 {Accuracy: White = 60%, Black = 67%.} 1/2-1/2

[Event "HUN-ch Rapid 2020"]
[Site "Ajka"]
[Date "2020.07.17"]
[Round "3.12"]
[White "Frink, Ferenc"]
[Black "Aczel, Gergely"]
[Result "0-1"]
[WhiteElo "2075"]
[BlackElo "2511"]
[Annotator "TA"]
[PlyCount "100"]
[EventDate "2020.07.17"]
[EventType "rapid"]
[EventCountry "HUN"]
[SourceTitle "playchess.com"]
[Source "ChessBase"]
[SourceQuality "1"]

{[%evp 9,100,-53,-25,-25,-24,-38,-31,-38,-29,-48,-45,-45,-47,-47,-50,-74,-70,-68,-62,-72,-53,-77,-77,-74,-54,-187,-65,-245,-117,-129,-59,-59,-47,-118,-126,-111,-118,-152,-161,-238,-237,-442,-243,-287,-286,-469,-464,-441,-457,-466,-422,-441,-432,-409,-397,-397,-393,-542,-392,-420,-366,-452,-450,-547,-495,-449,-435,-537,-382,-439,-434,-436,-432,-431,-431,-420,-402,-420,-406,-2140,-399,-422,0,-2050,-1842,-29978,-29979,-29979,-29980,-29978,-29980,-29976,-29977]} 1. e4 c5 2. b4 cxb4 3. a3 d5 4. e5 Nc6 5. d4 Bf5 6. axb4 {B20: Sicilian: Unusual White 2nd moves.} Nxb4 7. Bb5+ Nc6 8. c3 {Black is slightly better.} a6 9. Bd3 Bxd3 10. Qxd3 e6 11. Ne2 Nge7 12. O-O Nf5 13. h3 {[#]} h5 $146 ({Predecessor:} 13... Be7 14. Nd2 O-O 15. f4 h5 16. g4 Nh6 17. gxh5 f5 18. Nf3 Nf7 19. Kh2 Na5 {1-0 (47) Frink,F (2172)-Justus,I (2105) Tatranske Zruby 2007}) 14. Nd2 Be7 15. Kh2 Qc7 16. Nb3 Rc8 17. Ra2 {[#]} (17. Ng3 $15) 17... h4 (17... Nfxd4 $1 $19 {[%mdl 512]} 18. cxd4 (18. Nbxd4 $2 Nxe5 19. Bf4 Nxd3 $19 {[%mdl 64] Discovered Attack}) 18... Nb4 {[%mdl 64] Double Attack}) 18. g4 $2 {[#]} (18. Bd2 $1 $15) 18... hxg3+ (18... Nfxd4 $1 $19 {[%mdl 512] has better winning chances.} 19. cxd4 (19. Nbxd4 Nxe5) 19... Nb4 {[%mdl 64] Double Attack}) 19. fxg3 $17 Nd8 (19... Na7 $17 20. g4 Nh4) 20. Nd2 $15 f6 21. exf6 {Black keeps a firm grip on the game.} (21. Nf3 $1 $15) 21... gxf6 $17 22. Rxf5 exf5 23. Qxf5 Qd7 24. Qg6+ (24. Qxd7+ {was worth a try.} Kxd7 25. Nf1) 24... Nf7 $19 25. g4 $2 {[#]} (25. h4) 25... Qe6 (25... Rxc3 $142 $1 {[%mdl 512]} 26. Nxc3 Qc7+ {[%mdl 64] Double Attack} 27. Kg2 Qxc3 {[%mdl 64] Double Attack}) 26. Nf3 Qe4 27. Qf5 $2 (27. Qxe4 dxe4 28. Ne1) 27... Qxf5 28. gxf5 Nd6 29. Ba3 Nxf5 30. Bxe7 Nxe7 ({Much less strong is} 30... Kxe7 31. Ne1 $19) 31. Ne1 Kf7 32. Nd3 Rc6 33. Nb4 Rd6 34. Nf4 Rc8 35. Ne2 Ng6 36. Ra5 Re8 37. Ng3 Ne7 38. h4 Kg6 39. h5+ Kh7 40. Kg2 Rg8 41. Kf3 Rg5 42. Nd3 Nf5 43. Ne2 Nh4+ 44. Kf4 (44. Kf2 $142) 44... Ng2+ (44... Re6 $142 {[%csl Gd5][%cal Re6e4]} 45. Ng3 Ng2+ 46. Kf3 Re3+ {[%mdl 64] Double Attack} 47. Kxg2 Rexg3+ 48. Kf2 Rxd3) 45. Kf3 Nh4+ (45... Rd7 $142 46. Ndf4 Nxf4 47. Nxf4 Kh6) 46. Kf4 $1 Re6 {[%csl Gd5][%cal Re6e4]} 47. Ng3 Ng2+ {Black mates.} 48. Kf3 Re3+ {[%mdl 64] Double Attack} 49. Kxg2 Rexg3+ 50. Kf2 Rxd3 {Accuracy: White = 44%, Black = 68%.} 0-1

[Event "HUN-ch Rapid 2020"]
[Site "Ajka"]
[Date "2020.07.17"]
[Round "3.13"]
[White "Horvath, Adam"]
[Black "Juhasz, Barbara"]
[Result "1-0"]
[WhiteElo "2488"]
[BlackElo "2223"]
[Annotator "TA"]
[PlyCount "131"]
[EventDate "2020.07.17"]
[EventType "rapid"]
[EventCountry "HUN"]
[SourceTitle "playchess.com"]
[Source "ChessBase"]
[SourceQuality "1"]

{[%evp 16,131,0,8,51,-22,-12,-53,-59,-53,-54,-52,-49,-60,-56,-50,-52,-73,-46,-127,-118,-132,-152,-169,-137,-147,-134,-296,-277,-289,-193,-286,-172,-173,-126,-98,0,7,2,-27,0,0,2,2,4,-8,-14,-32,0,-28,-16,-16,117,50,85,-10,-5,-20,379,-58,0,0,182,10,11,12,11,0,0,0,97,95,443,30,18,18,87,59,73,8,6,-58,0,0,40,0,12,11,14,8,83,83,88,75,197,171,203,39,120,82,170,152,3120,2381,2373,2527,1720,1704,1727,1727,1589,1512,979,978,29959,29960,29953,868]} 1. e4 c5 2. Nf3 Nc6 3. Bb5 g6 4. O-O Bg7 5. Re1 e5 6. c3 Nge7 7. d4 cxd4 8. cxd4 exd4 9. Bf4 d6 {[#] B31: Sicilian: 2...Nc6 3 Bb5 g6.} 10. Nbd2 $146 (10. Nxd4 $1 $14 O-O 11. Bxc6) ({Predecessor:} 10. Nxd4 O-O 11. Bxc6 Nxc6 12. Nxc6 bxc6 13. Nc3 Be5 14. Bxe5 dxe5 15. Qc2 Qg5 16. Rad1 Bg4 17. Qd2 Qxd2 18. Rxd2 {½-½ (63) Yudin,S (2508)-Varun,V (2256) New Delhi 2020}) 10... O-O $11 11. Nb3 Bg4 {Black is slightly better.} 12. h3 Bxf3 $1 13. Qxf3 Ne5 14. Qg3 Qb6 15. Bf1 N7c6 16. Rad1 a5 17. Bc1 (17. a4 $15) 17... a4 $17 18. Nd2 Nb4 $1 19. f4 Nd7 20. e5 dxe5 21. fxe5 $2 (21. Nc4 $17 {was called for.} Qc5 22. Nxe5 Nxe5 23. fxe5) 21... Nc2 $19 (21... Nxa2 22. e6 $19) 22. Re4 Ne3 23. Re1 (23. Nc4 {was the only defense.} Nxc4 24. Bxc4 Nxe5 25. Bf1 (25. Rxe5 $2 Qc7 $19 {[%mdl 64] Double Attack, Pin})) 23... Nf5 24. Qf2 Nc5 25. Rf4 Ne6 (25... Rad8 $17 26. Nc4 Qc7) 26. Rxf5 $11 gxf5 27. Bd3 (27. Nc4 $5 {[%cal Rc4b6]} Qb4 28. Bd3 $11) 27... Rfe8 28. Nc4 Qc5 29. Nd6 Nf8 30. Bf4 Ng6 {[%cal Re8e5] And now ...Rxe5 would win.} 31. Nxf5 Bf8 32. Qg3 {White wants to play h4.} Re6 33. h4 h5 (33... Kh8 $11 {keeps the balance.} 34. Bg5 Rae8 35. Bf6+ Rxf6 $1 {[%mdl 512]} 36. exf6 Rxe1+ 37. Qxe1 Ne5) 34. Rc1 (34. Qg5 $16) 34... Qb6 35. Bc4 (35. Qg5 $16) 35... Rc8 36. Kh2 (36. Bxe6 Rxc1+ 37. Bxc1 d3+ 38. Kh1 Qxe6 $17) 36... Rec6 $2 {[%mdl 8192] [#]} (36... d3 $11 {and Black is okay.}) 37. b3 $2 {[#]} (37. Be6 $1 $18 {[%mdl 512] Qxg6+ would kill now.} Rxe6 38. Rxc8) 37... axb3 ({Better is} 37... Rxc4 $1 $15 {[%mdl 512]} 38. bxc4 (38. Rxc4 $2 Rxc4 39. bxc4 Qe6 $19) 38... d3) 38. axb3 $40 {[%mdl 128] White mounts an attack.} Re8 $2 (38... Rxc4 $11 39. bxc4 (39. Rxc4 Rxc4 40. bxc4 Qe6 $15) 39... d3) 39. Rd1 $2 ({White should play} 39. Bd5 $18 Rce6 40. Nd6 (40. Bxe6 Qxe6 41. Nxd4 Qd5 $16)) 39... Rxc4 40. bxc4 Qe6 41. Nxd4 Qxc4 42. e6 Be7 (42... Bg7 $11 43. exf7+ Qxf7) 43. Bg5 $16 {Bxe7 is the strong threat.} Bc5 $2 {[%mdl 8192] [#]} (43... Qd5 $16 {is more resistant.}) 44. exf7+ $2 (44. Qc7 $1 $18 {[%mdl 512] White threatens Qxf7+ and mate.} Nh8 45. Kh1) 44... Qxf7 $11 45. Nf3 {With the idea Bh6.} b6 (45... Qf5 $11) 46. Kh1 Qf5 47. Bc1 (47. Qc7 $16) 47... Qg4 48. Qh2 (48. Kh2 $11) 48... Re2 ({Black should try} 48... Qa4 $15 49. Rf1 Qc4) 49. Rd8+ Bf8 50. Ba3 {Strongly threatening Bxf8.} Ra2 51. Bxf8 Nxf8 52. Qg1 Qg6 (52... Rc2 $11 {remains equal.}) 53. Qf1 $16 Qf7 54. Qb1 {Threatens to win with Ng5.} Rf2 (54... Ra7 $16 {was worth a try.}) 55. Qd3 ({Don't play} 55. Qxb6 $6 Rxf3 56. gxf3 Qxf3+ 57. Kh2 Qf4+ 58. Kg2 Qg4+ 59. Kf2 Qxh4+ 60. Kf1 Qf4+ 61. Ke1 Qc1+ 62. Kf2 Qf4+ 63. Ke1 Qg3+ 64. Kd1 Qf3+ 65. Kd2 Qf4+ 66. Ke1 $11) 55... Qf6 56. Qd5+ $2 (56. Kh2 $18) 56... Qf7 (56... Kg7 $1 $14 57. Kg1 Rb2) 57. Qd4 Ra2 (57... Rf1+ $16 58. Kh2 Qc7+ 59. Rd6 Rf2 60. Qd5+ (60. Qxf2 Qxd6+ 61. Kh1 Qf6 $11) (60. Qxb6 Qxb6 61. Rxb6 Kg7 $16) 60... Qf7) 58. Qe5 ({Don't take} 58. Qxb6 Ra1+ 59. Ng1 Ra4 $16) 58... Rc2 $2 (58... Ra5 $16 59. Qg3+ Qg7) 59. Qg5+ $18 Qg7 {[#]} 60. Rxf8+ $1 {[%mdl 512]} Kxf8 {[%mdl 4096] Endgame KQR-KQN} 61. Qd8+ Kf7 62. Ng5+ Kg6 63. Qd3+ {[%mdl 64] Double Attack} Kh6 64. Qxc2 Qa1+ 65. Kh2 {[%csl Gg5][%cal Rc2h7]} Qe5+ 66. Kh3 {What a fight! Accuracy: White = 52%, Black = 39%.} (66. g3 $142 Qe7 67. Qb2 b5 68. Qxb5 Qf6 69. Ne4 Qe7 70. Qf5 Kg7 71. Kh3) 1-0

[Event "HUN-ch Rapid 2020"]
[Site "Ajka"]
[Date "2020.07.17"]
[Round "3.14"]
[White "Acs, Marton"]
[Black "Seres, Lajos"]
[Result "1/2-1/2"]
[WhiteElo "2167"]
[BlackElo "2418"]
[Annotator "TA"]
[PlyCount "63"]
[EventDate "2020.07.17"]
[EventType "rapid"]
[EventCountry "HUN"]
[SourceTitle "playchess.com"]
[Source "ChessBase"]
[SourceQuality "1"]

{[%evp 21,63,22,41,42,54,40,46,41,43,42,48,37,37,18,54,0,0,-31,-43,-45,-52,-45,-47,-63,-61,-53,-56,-54,-63,-61,-60,-52,-21,-23,-1,0,-2,-2,0,-5,0,0,0,0]} 1. Nf3 d5 2. g3 g6 3. Bg2 Bg7 4. d4 Nf6 5. O-O O-O 6. c4 dxc4 7. Na3 c3 8. bxc3 c5 9. e3 Nc6 10. Qe2 Qa5 11. Bb2 Bf5 12. Nd2 {D77: Fianchetto Grünfeld: 6 0-0: Replies other than 6...c6.} Bg4 13. f3 $1 {[%cal Rf3g4]} Be6 {[#]} 14. Nb3 $146 {White is slightly better.} ({Predecessor:} 14. Rfb1 Rfd8 15. Nb3 Bxb3 16. axb3 cxd4 17. cxd4 Rac8 18. f4 Nd5 19. Kh1 e6 20. Nc4 {½-½ (27) Bu,X (2632)-Zhang,P (2616) Tiayuan 2005}) 14... Bxb3 $1 15. axb3 Rfd8 16. f4 cxd4 17. exd4 e6 18. Qb5 (18. Bxc6 $14 bxc6 19. b4) 18... Qc7 $11 19. Nc4 Nd5 {[#] ...a6 is the strong threat.} 20. Ne5 Nxe5 21. fxe5 Nxc3 22. Qxb7 Ne2+ 23. Kh1 Qxb7 24. Bxb7 Rab8 25. Rxa7 Rd7 26. Rf2 Rdxb7 (26... Nxd4 {seems wilder.} 27. Bxd4 Rxd4 28. Bc6 Rf8 29. Re7 Rdd8) 27. Rxb7 Rxb7 (27... Nxg3+ {is interesting.} 28. hxg3 Rxb7 29. Rf3 h5 30. Ba3 Rb5) 28. Rxe2 {The position is equal.} Rxb3 $15 {KRB-KRB} 29. Kg2 h5 30. Bc1 Bf8 31. Be3 Rd3 32. Kf3 {Accuracy: White = 86%, Black = 88%.} 1/2-1/2

[Event "HUN-ch Rapid 2020"]
[Site "Ajka"]
[Date "2020.07.17"]
[Round "3.15"]
[White "Kaczur, Florian"]
[Black "Persanyi, Barnabas"]
[Result "1-0"]
[WhiteElo "2507"]
[BlackElo "2370"]
[Annotator "TA"]
[PlyCount "183"]
[EventDate "2020.07.17"]
[EventType "rapid"]
[EventCountry "HUN"]
[SourceTitle "playchess.com"]
[Source "ChessBase"]
[SourceQuality "1"]

{[%evp 14,183,9,0,0,8,12,0,4,0,0,0,0,0,0,0,83,77,71,68,73,68,69,67,71,73,120,127,170,137,139,67,74,73,73,55,69,0,0,0,58,65,66,70,171,185,379,391,391,396,381,378,366,363,356,367,369,357,364,290,322,303,390,350,368,326,302,302,285,232,218,216,253,208,254,192,404,396,390,377,825,825,809,794,794,279,279,265,4969,5225,4215,4075,7617,7815,5927,2929,29936,29938,12797,12848,29971,12408,29988,1008,495,0,29986,7583,1143,0,5393,1563,1333,493,437,0,0,0,1007,59,59,59,59,0,57,0,999,332,6441,5494,5093,4978,1491,1170,848,574,29956,29956,29963,29963,8554,5397,29969,29968,29971,29972,29972,29973,29973,29973,29973,29972,29971,29974,29975,29976,29980,29981,29981,29982,29985,29982,29982,29983,29983,29984,29992,29993,29995,29991,29996,29992]} 1. e4 e5 2. Nf3 Nc6 3. Bc4 Bc5 4. c3 Nf6 5. d3 d6 6. O-O O-O 7. Bb3 {7.Bb3 has become a bit dusty these days.} h6 8. h3 a5 {C54: Giuoco Piano: 4 c3 Nf6, main lines with 5 d4 and 5 d3.} 9. Re1 Be6 10. Bc2 {[#]} Bb6 $146 {The position is equal.} ({Predecessor:} 10... Ba7 11. Nbd2 Re8 12. Nf1 d5 13. exd5 Bxd5 14. Ng3 Qd6 15. Nh4 Ne7 16. Qe2 Bc6 {½-½ (45) Amin,B (2699)-Tabatabaei,M (2642) Khanty-Mansiysk 2019}) 11. d4 exd4 12. cxd4 {[#] aiming for d5.} d5 13. e5 Ne4 $1 14. Nc3 Ne7 (14... f5 $1 $11 {remains equal.}) 15. Nxe4 dxe4 16. Bxe4 Bd5 17. Qc2 Bxe4 18. Rxe4 Qd7 19. Rg4 {Black must now prevent Bxh6.} Ng6 20. Be3 Rad8 21. Rd1 Qe6 22. b3 (22. Qd2 $16) 22... Rd5 $14 23. Rc1 Rfd8 24. Qe4 c6 25. h4 (25. Rc4 $14) 25... Re8 $11 {Threatens to win with ...f5.} 26. Rg3 $1 Kh8 ({Black should play} 26... Ne7 $11) 27. h5 $14 Ne7 28. Nh4 c5 ({Black should try} 28... Red8 $14) 29. dxc5 $40 {[%mdl 128] White has strong attack.} Rxe5 $2 (29... Ba7 30. f4 Rc8) 30. Qa4 Nd5 31. cxb6 Nxe3 32. fxe3 (32. Rxe3 Rxe3 33. fxe3 Qxe3+ 34. Kh2 Re4 $17) 32... Rxe3 33. Qg4 {[%csl Gg3][%cal Rg4g7]} Rxg3 34. Qxg3 Qxb6+ 35. Kh2 Qb5 36. Qg4 Qe5+ 37. Kh1 Qe3 38. Rf1 Qe4 39. Qxe4 Rxe4 {[%mdl 4096] Endgame KRN-KR} 40. Nf3 (40. Rxf7 Rxh4+ 41. Kg1 Rxh5 $11) 40... a4 41. Re1 Rb4 42. Re3 Rb5 43. g4 Kh7 44. Ne5 g6 $2 (44... axb3 45. axb3 g6 46. Nxf7 gxh5 47. gxh5 Rxh5+ 48. Kg2 Rb5) 45. hxg6+ fxg6 46. bxa4 Rb4 $2 (46... Rb1+ 47. Kg2 Rb2+ 48. Kf3 Rxa2) 47. Rb3 Rxa4 48. Rxb7+ Kg8 49. Kg2 $2 (49. Rb6 Kh7 50. Rxg6) 49... Rxa2+ 50. Kf3 Ra3+ $2 (50... Ra5 51. Re7 (51. Nxg6 h5 $14) 51... h5) 51. Ke4 Ra4+ 52. Kd5 Ra5+ 53. Kd6 Ra6+ 54. Nc6 Ra4 55. Nb4 h5 56. g5 h4 57. Nd5 (57. Ke7 $142 Kg7 58. Ke6+ Kf8 59. Kf6 Ke8 60. Re7+ Kf8 61. Rh7 Kg8 62. Rb7) 57... h3 58. Rb8+ (58. Ke7 $142 Re4+ 59. Kf6 Kf8 60. Kxg6 Ke8 61. Nf6+ {[%mdl 64] Double Attack} Kd8 62. Nxe4 h2 63. Nf2) 58... Kg7 59. Rb7+ (59. Rb2 $18) 59... Kg8 $1 60. Ne7+ (60. Ke7 $142 Re4+ 61. Kf6 Kf8 62. Kxg6 Ke8 63. Nf6+ {[%mdl 64] Double Attack} Kd8 64. Nxe4 h2 65. Nf2) 60... Kf7 61. Nd5+ $2 (61. Nc6+ $18 Kg8 62. Ne7+ Kf8 63. Nxg6+ Kg8 64. Ke5) 61... Kf8 $2 {[%mdl 8192]} (61... Kg8 $11 62. Ke7 Re4+ 63. Kf6 Kf8 64. Kxg6 Ke8 65. Nf6+ {[%mdl 64] Double Attack} Kd8 66. Nxe4 h2) 62. Ke5 h2 63. Rh7 (63. Kf6 $142 {[%cal Rb7b8]} Ke8 64. Rh7 Ra6+ 65. Ke5) 63... Ra2 64. Kf6 (64. Nf6 $142) 64... Ra6+ 65. Ke5 Ra2 66. Ne3 $2 (66. Nf6 $18 {Strongly threatening Kf4.} Rb2 67. Kf4) 66... Ra5+ $14 67. Kf4 Ra4+ 68. Ke5 Ra5+ $1 69. Nd5 $2 {[%mdl 8192]} (69. Ke4 $14 Rxg5 70. Rxh2) 69... Ra2 $18 {White now steadily converts the win.} 70. Nc3 $2 (70. Nf6 Rf2 71. Ne4) 70... Ra5+ $2 {[#]} (70... Kg8 71. Rh4 Rf2) 71. Kf4 $1 Rf5+ 72. Kg4 Rf2 73. Ne4 Ra2 74. Kg3 Ra4 75. Nd2 Ra5 76. Nf3 Ra3 77. Rxh2 Rb3 78. Rh7 {White mates.} Ra3 79. Rb7 Ra5 80. Kf4 Ra4+ 81. Ke5 Ra5+ 82. Ke4 Ra4+ 83. Nd4 Ra5 84. Nb5 Ra4+ 85. Ke5 Ra1 86. Nd6 Ra6 87. Rf7+ Kg8 88. Rd7 Ra1 89. Kf6 Ra8 90. Kxg6 Kf8 91. Rf7+ Kg8 92. Re7 {Accuracy: White = 73%, Black = 58%.} 1-0

[Event "HUN-ch Rapid 2020"]
[Site "Ajka"]
[Date "2020.07.17"]
[Round "3.16"]
[White "Mihalyfi, Gabor"]
[Black "Kozak, Adam"]
[Result "0-1"]
[WhiteElo "1950"]
[BlackElo "2503"]
[Annotator "TA"]
[PlyCount "44"]
[EventDate "2020.07.17"]
[EventType "rapid"]
[EventCountry "HUN"]
[SourceTitle "playchess.com"]
[Source "ChessBase"]
[SourceQuality "1"]

{[%evp 9,44,-25,-6,-73,-74,-75,-69,-73,-73,-73,-68,-56,-43,-57,-56,-59,-60,-76,-70,-82,-81,-94,-86,-105,-104,-137,-144,-178,-181,-270,-184,-652,-647,-631,-630,-678,-595]} 1. e4 e5 2. d4 exd4 3. Bc4 Nc6 4. Nf3 Bc5 5. O-O d6 6. Bg5 {C44: Ponziani Opening and Scotch Gambit.} (6. c3 $11 {remains equal.}) 6... Nge7 $17 7. c3 {[%cal Rc3d4]} Bg4 8. h3 {Black is slightly better.} Bxf3 {[#]} 9. Qxf3 $146 ({Predecessor:} 9. gxf3 Qd7 10. Qb3 O-O 11. Bxe7 Qxe7 12. cxd4 Nxd4 13. Qd3 Qg5+ 14. Kh1 Qf4 15. Kg2 Rae8 16. Rh1 Qg5+ 17. Kf1 Qc1+ 18. Kg2 Qxb2 19. Nc3 Ne6 20. Ne2 Nf4+ {0-1 (20) Rosales Schulz,K (2019)-Lopez Silva,H (2399) Quilpue 2019}) 9... Ne5 10. Qe2 O-O 11. cxd4 Bxd4 12. Bb3 h6 13. Bh4 N5g6 14. Bg3 Nc6 15. Nc3 Qg5 16. Kh1 Be5 17. Bxe5 dxe5 18. Rad1 Nd4 19. Qc4 (19. Qg4 {might work better.}) 19... c6 $40 {[%mdl 128] White is in trouble.} 20. a4 $2 (20. Ne2) 20... Nf4 $19 {[%csl Gf4][%cal Rg5g2] Black is clearly winning.} 21. Rg1 Qh5 {...Nxh3! is the strong threat.} 22. Kh2 {[#]} Nf3+ $1 {[%mdl 512] White did not feel at home in the position after the opening. Accuracy: White = 41%, Black = 86%.} 0-1